[Event "4th EUR-ch"]
[Site "Istanbul TUR"]
[Date "2003.06.01"]
[Round "3.99"]
[White "Dzhakaev, Dzhakay"]
[Black "Duman, Aydin"]
[Result "1-0"]
[WhiteElo "2465"]
[BlackElo "2185"]
[EventDate "2003.05.30"]
[PlyCount "65"]

1.Nf3 Nf6 2.c4 g6 3.Nc3 Bg7 4.e4 d6 5.d4 O-O 6.Be2 e5 7.O-O Na6 8.Re1 Qe8 
9.Bf1 Bg4 10.d5 Nh5 11.h3 Bd7 12.Rb1 f5 13.b4 Nf6 14.exf5 gxf5 15.c5 dxc5 
16.b5 Nb8 17.Bc4 e4 18.Ng5 Kh8 19.Ne6 Bxe6 20.dxe6 c6 21.Qd6 cxb5 22.Nxb5 
Nc6 23.Qxc5 b6 24.Qxf5 Rd8 25.Ba3 Ne7 26.Qg5 h6 27.Qc1 Rg8 28.Nc7 Qf8 29.
Ba6 Nh5 30.Rxe4 Rd4 31.Bxe7 Qxe7 32.Rxd4 Qh4 33.Qxh6+ 1-0

[Event "4th EUR-ch"]
[Site "Istanbul TUR"]
[Date "2003.06.01"]
[Round "3.100"]
[White "Morrison, Chris"]
[Black "Tratar, Marko"]
[Result "1/2-1/2"]
[WhiteElo "2170"]
[BlackElo "2464"]
[EventDate "2003.05.30"]
[PlyCount "47"]

1.e4 c5 2.Nc3 a6 3.g3 b5 4.Bg2 Bb7 5.d3 e6 6.Nh3 Nf6 7.O-O d6 8.f4 Nc6 9.
e5 dxe5 10.fxe5 Qd4+ 11.Kh1 Qxe5 12.Bf4 Qd4 13.Ne4 Nxe4 14.Bxe4 Be7 15.Qh5
g6 16.Qf3 Qd7 17.Qf2 e5 18.Bh6 Qxh3 19.Bg7 O-O-O 20.Bxh8 Rxh8 21.Qxf7 Qd7 
22.Qg7 Qe8 23.Rf7 h5 24.Qxg6 1/2-1/2

[Event "4th EUR-ch"]
[Site "Istanbul TUR"]
[Date "2003.06.01"]
[Round "3.101"]
[White "Yagupov, Igor"]
[Black "Ataman, Alper"]
[Result "1/2-1/2"]
[WhiteElo "2454"]
[BlackElo "2161"]
[EventDate "2003.05.30"]
[PlyCount "162"]

1.e4 c5 2.Nf3 Nc6 3.d4 cxd4 4.Nxd4 Nf6 5.Nc3 e5 6.Ndb5 d6 7.Bg5 a6 8.Na3 
b5 9.Bxf6 gxf6 10.Nd5 Bg7 11.Bd3 Ne7 12.Nxe7 Qxe7 13.O-O O-O 14.c4 f5 15.
Qf3 bxc4 16.Nxc4 d5 17.exd5 e4 18.Qe3 Bb7 19.d6 Qf6 20.Bc2 f4 21.Qh3 Rac8 
22.b3 Qg5 23.d7 Rc6 24.Bxe4 Rh6 25.Qf5 Qh4 26.h3 Rh5 27.Qg4 Bxe4 28.Qxh4 
Rxh4 29.Rad1 Rd8 30.Rfe1 Bc6 31.Na5 Bb5 32.a4 Rxd7 33.axb5 Rxd1 34.Rxd1 
axb5 35.Rd8+ Bf8 36.Rd5 b4 37.Rg5+ Kh8 38.Nc6 f6 39.Rb5 f3 40.Rf5 fxg2 41.
Rxf6 Kg7 42.Rf3 Rh5 43.Nd4 Re5 44.Kxg2 Bc5 45.Rf4 Kg6 46.Kf3 h5 47.Re4 Rd5
48.Ne6 Rf5+ 49.Rf4 Bd6 50.Rxf5 Kxf5 51.Nd4+ Ke5 52.Ne2 Kd5 53.h4 Be7 54.
Ke3 Bc5+ 55.Kf3 Be7 56.Ke3 Bc5+ 57.Kd3 Bxf2 58.Nf4+ Kc5 59.Nxh5 Bxh4 60.
Ke4 Be1 61.Nf4 Bc3 62.Nd3+ Kd6 63.Nc1 Kc5 64.Ne2 Kc6 65.Kd3 Kc5 66.Nxc3 
bxc3 67.Kxc3 Kb5 68.b4 Kb6 69.Kc4 Kc6 70.b5+ Kb6 71.Kb4 Kb7 72.Kc5 Kc7 73.
b6+ Kb7 74.Kb5 Kb8 75.Kc6 Kc8 76.Kb5 Kb7 77.Kc5 Kb8 78.Kb5 Kb7 79.Ka5 Kb8 
80.Ka6 Ka8 81.b7+ Kb8 1/2-1/2

[Event "4th EUR-ch"]
[Site "Istanbul TUR"]
[Date "2003.06.01"]
[Round "3.102"]
[White "Zueger, Beat"]
[Black "Reyhan, Dogan"]
[Result "1/2-1/2"]
[WhiteElo "2448"]
[BlackElo "2161"]
[EventDate "2003.05.30"]
[PlyCount "85"]

1.Nf3 Nf6 2.g3 g6 3.b3 Bg7 4.Bb2 d6 5.d4 O-O 6.Bg2 Nbd7 7.O-O e5 8.dxe5 
Ng4 9.Nbd2 Ngxe5 10.Nxe5 Nxe5 11.c4 Nf3+ 12.Nxf3 Bxb2 13.Rb1 Bg7 14.Nd4 a6
15.Qd2 Qf6 16.e3 Rb8 17.h3 Bd7 18.Rfd1 Rfe8 19.Rbc1 c6 20.Ne2 Bf8 21.Nc3 
Be6 22.Ne4 Qe5 23.f4 Qg7 24.Nxd6 Red8 25.c5 b6 26.e4 bxc5 27.e5 f6 28.Rxc5
fxe5 29.fxe5 Qa7 30.Qd4 Bg7 31.Kh2 a5 32.Bxc6 Rb4 33.Qc3 Rf8 34.Ne4 Rxe4 
35.Bxe4 Rf2+ 36.Kg1 Rxa2 37.Kh1 Bf8 38.Rd8 Qf7 39.Qf3 Ra1+ 40.Kg2 Ra2+ 41.
Kh1 Ra1+ 42.Kg2 Ra2+ 43.Kh1 1/2-1/2

[Event "4th EUR-ch"]
[Site "Istanbul TUR"]
[Date "2003.06.01"]
[Round "3.103"]
[White "Zaja, Ivan"]
[Black "Valansi, Avram Alber"]
[Result "1-0"]
[WhiteElo "2417"]
[BlackElo "2154"]
[EventDate "2003.05.30"]
[PlyCount "109"]

1.d4 Nf6 2.c4 d6 3.Nc3 e5 4.Nf3 Nbd7 5.Bg5 Be7 6.e3 O-O 7.Qc2 c6 8.Bd3 Re8
9.O-O-O Qa5 10.Kb1 a6 11.g4 Nf8 12.Bxf6 Bxf6 13.g5 Be7 14.Rhg1 Be6 15.d5 
cxd5 16.cxd5 Bd7 17.Bf5 Rec8 18.Bxd7 Nxd7 19.Rg4 b5 20.Rh4 g6 21.Rg4 Nb6 
22.Qb3 Rc4 23.Rxc4 Nxc4 24.Ne4 Rc8 25.Qd3 Qb4 26.b3 Na3+ 27.Kb2 Rc2+ 28.
Ka1 a5 29.Ne1 Rc8 30.f3 a4 31.h4 axb3 32.Qxb3 Qa5 33.Kb2 Ra8 34.Nc2 Nc4+ 
35.Ka1 Bd8 36.Rd3 Kg7 37.a3 Bb6 38.Ka2 Ra7 39.Nb4 Rc7 40.Nf6 Qa8 41.Nc6 
Bc5 42.Qxb5 Nxa3 43.Qb8 Qxb8 44.Nxb8 Rb7 45.Nbd7 Nc4 46.Nxc5 dxc5 47.d6 
Ra7+ 48.Kb3 Na5+ 49.Kc3 Nc6 50.Rd5 Ra3+ 51.Kc4 Rxe3 52.Rxc5 Nd8 53.Rc8 h6 
54.Rxd8 hxg5 55.hxg5 1-0

[Event "4th EUR-ch"]
[Site "Istanbul TUR"]
[Date "2003.06.02"]
[Round "4.2"]
[White "Chuchelov, Vladimir"]
[Black "Grischuk, Alexander"]
[Result "1/2-1/2"]
[WhiteElo "2592"]
[BlackElo "2701"]
[EventDate "2003.05.30"]
[PlyCount "50"]

1.Nf3 Nf6 2.c4 e6 3.Nc3 d5 4.d4 c6 5.Bg5 h6 6.Bh4 dxc4 7.e4 g5 8.Bg3 b5 9.
Be2 Bb7 10.Ne5 Nbd7 11.Qc2 Bg7 12.Rd1 Qb6 13.O-O Rd8 14.h4 g4 15.Bf4 c5 
16.dxc5 Qxc5 17.Nxg4 Nxg4 18.Bxg4 Ne5 19.Rxd8+ Kxd8 20.Rd1+ Kc8 21.Be2 Nc6
22.Be3 Nd4 23.Bxd4 Bxd4 24.Nxb5 Bxf2+ 25.Kf1 Bxh4 1/2-1/2

[Event "4th EUR-ch"]
[Site "Istanbul TUR"]
[Date "2003.06.02"]
[Round "4.6"]
[White "Neverov, Valeriy"]
[Black "Alexandrov, Alexei"]
[Result "1/2-1/2"]
[WhiteElo "2583"]
[BlackElo "2650"]
[EventDate "2003.05.30"]
[PlyCount "23"]

1.d4 Nf6 2.c4 e6 3.Nc3 Bb4 4.Qc2 O-O 5.a3 Bxc3+ 6.Qxc3 b6 7.Bg5 Bb7 8.e3 
c5 9.dxc5 bxc5 10.Nf3 a5 11.Bd3 d6 12.O-O 1/2-1/2

[Event "4th EUR-ch"]
[Site "Istanbul TUR"]
[Date "2003.06.02"]
[Round "4.8"]
[White "Gagunashvili, Merab"]
[Black "Tkachiev, Vladislav"]
[Result "1/2-1/2"]
[WhiteElo "2580"]
[BlackElo "2643"]
[EventDate "2003.05.30"]
[PlyCount "25"]

1.d4 Nf6 2.c4 e6 3.Nc3 Bb4 4.Qc2 d5 5.cxd5 Qxd5 6.e3 c5 7.a3 Bxc3+ 8.bxc3 
Nbd7 9.Nf3 b6 10.Bb2 O-O 11.c4 Qd6 12.Rd1 cxd4 13.exd4 1/2-1/2

[Event "4th EUR-ch"]
[Site "Istanbul TUR"]
[Date "2003.06.02"]
[Round "4.10"]
[White "Graf, Alexander"]
[Black "Atalik, Suat"]
[Result "1-0"]
[WhiteElo "2630"]
[BlackElo "2568"]
[EventDate "2003.05.30"]
[PlyCount "53"]

1.d4 d5 2.c4 c6 3.Nc3 Nf6 4.cxd5 cxd5 5.Bf4 Nc6 6.e3 Ne4 7.Nge2 Nxc3 8.
Nxc3 e6 9.Bd3 Bd6 10.Qg4 g6 11.Bxd6 Qxd6 12.Qg3 Qxg3 13.hxg3 Bd7 14.Kd2 
Ne7 15.Rac1 Rc8 16.e4 f6 17.exd5 exd5 18.Bb5 Kd8 19.Be2 Nf5 20.Nxd5 Rxc1 
21.Kxc1 Nxd4 22.Bc4 Rf8 23.Rxh7 Bc6 24.Kd2 a5 25.Kc3 Nf5 26.Nf4 Bd7 27.Be6
1-0

[Event "4th EUR-ch"]
[Site "Istanbul TUR"]
[Date "2003.06.02"]
[Round "4.11"]
[White "Dautov, Rustem"]
[Black "Glek, Igor"]
[Result "1-0"]
[WhiteElo "2611"]
[BlackElo "2551"]
[EventDate "2003.05.30"]
[PlyCount "77"]

1.d4 Nf6 2.c4 g6 3.Nc3 Bg7 4.e4 d6 5.Nf3 O-O 6.Be2 e5 7.O-O Na6 8.Re1 c6 
9.Rb1 exd4 10.Nxd4 Re8 11.Bf1 Qb6 12.Na4 Qd8 13.Nc3 Qb6 14.Na4 Qd8 15.f3 
Nh5 16.Be3 f5 17.exf5 Qf6 18.Bf2 Bxf5 19.Nxf5 gxf5 20.Qd2 Bh6 21.Qc2 Nf4 
22.Rbd1 b6 23.g3 Rxe1 24.Bxe1 Ne6 25.Rxd6 Qe5 26.Rd1 Nd4 27.Qg2 Be3+ 28.
Kh1 Re8 29.f4 Qf6 30.b4 Kh8 31.Bc3 c5 32.a3 Rg8 33.Qf3 Re8 34.Qb7 Nb8 35.
bxc5 Nbc6 36.Bg2 Na5 37.Qxa7 Nxc4 38.Nxb6 Bd2 39.Nd5 1-0

[Event "4th EUR-ch"]
[Site "Istanbul TUR"]
[Date "2003.06.02"]
[Round "4.13"]
[White "Luther, Thomas"]
[Black "Ivanchuk, Vasyl"]
[Result "1/2-1/2"]
[WhiteElo "2571"]
[BlackElo "2704"]
[EventDate "2003.05.30"]
[PlyCount "64"]

1.e4 e5 2.Nf3 Nc6 3.Bb5 Nf6 4.O-O Nxe4 5.Qe2 Nd6 6.Bxc6 dxc6 7.Qxe5+ Qe7 
8.Qa5 Qd8 9.Qe5+ Be6 10.Ng5 Qf6 11.Re1 O-O-O 12.Nxe6 Re8 13.Qxf6 gxf6 14.
b3 Rxe6 15.Rxe6 fxe6 16.Bb2 Be7 17.Nc3 h5 18.Re1 Kd7 19.Ne4 Nxe4 20.Rxe4 
Rg8 21.Kf1 a6 22.d3 Rg5 23.Bc3 Rc5 24.Rc4 Rxc4 25.dxc4 f5 26.g3 Bd6 27.Kg2
Ke8 28.f3 Kf7 29.h3 Kg6 30.Bd4 b5 31.c5 Be7 32.b4 Bg5 1/2-1/2

[Event "4th EUR-ch"]
[Site "Istanbul TUR"]
[Date "2003.06.02"]
[Round "4.15"]
[White "Nevednichy, Vladislav"]
[Black "Malakhov, Vladimir"]
[Result "0-1"]
[WhiteElo "2569"]
[BlackElo "2672"]
[EventDate "2003.05.30"]
[PlyCount "74"]

1.e4 c5 2.Nf3 Nc6 3.Bb5 g6 4.Bxc6 dxc6 5.d3 Bg7 6.h3 Nf6 7.Nc3 Nd7 8.Be3 
e5 9.Qd2 h6 10.O-O Qe7 11.Ne2 Nf8 12.c3 f5 13.exf5 Bxf5 14.b4 cxb4 15.cxb4
Rd8 16.Bc5 Qc7 17.Ng3 Bxd3 18.Rfe1 Ne6 19.Qe3 Nxc5 20.bxc5 O-O 21.Rad1 Bc4
22.Rxd8 Rxd8 23.Nxe5 Bxe5 24.Qxe5 Qxe5 25.Rxe5 Kf7 26.Ne4 Bxa2 27.Nd6+ Kf6
28.f4 b5 29.g4 b4 30.h4 Rb8 31.g5+ hxg5 32.hxg5+ Kg7 33.Kf2 b3 34.Re7+ Kf8
35.Rf7+ Kg8 36.Rd7 b2 37.Ne4 Rf8 0-1

[Event "4th EUR-ch"]
[Site "Istanbul TUR"]
[Date "2003.06.02"]
[Round "4.16"]
[White "Rublevsky, Sergei"]
[Black "Hulak, Krunoslav"]
[Result "1-0"]
[WhiteElo "2670"]
[BlackElo "2563"]
[EventDate "2003.05.30"]
[PlyCount "51"]

1.e4 c5 2.Nf3 e6 3.c3 Nf6 4.e5 Nd5 5.Bc4 d6 6.d4 cxd4 7.cxd4 Nc6 8.O-O Be7
9.Qe2 O-O 10.Rd1 Qc7 11.exd6 Bxd6 12.Nc3 Nce7 13.Bd3 Nf4 14.Bxf4 Bxf4 15.
Ne5 g6 16.Qe4 Bh6 17.Qh4 Bg7 18.Ne4 Nf5 19.Nf6+ Bxf6 20.Qxf6 Qd8 21.Qxd8 
Rxd8 22.Rac1 Rxd4 23.Bxf5 Rxd1+ 24.Rxd1 gxf5 25.Rd8+ Kg7 26.Nc4 1-0

[Event "4th EUR-ch"]
[Site "Istanbul TUR"]
[Date "2003.06.02"]
[Round "4.19"]
[White "Nijboer, Friso"]
[Black "Vaganian, Rafael"]
[Result "1-0"]
[WhiteElo "2562"]
[BlackElo "2653"]
[EventDate "2003.05.30"]
[PlyCount "103"]

1.e4 e6 2.d4 d5 3.Nc3 Bb4 4.e5 c5 5.a3 Ba5 6.Qg4 Ne7 7.dxc5 Bxc3+ 8.bxc3 
Ng6 9.Nf3 Nd7 10.Bd3 Qc7 11.O-O Nxc5 12.Be3 Bd7 13.Bxc5 Qxc5 14.h4 Qxc3 
15.Rfe1 h5 16.Qg3 O-O-O 17.Rab1 Qc5 18.c4 Bc6 19.cxd5 Rxd5 20.Bxg6 fxg6 
21.Ng5 Qe7 22.Rec1 Rc5 23.Rxc5 Qxc5 24.Nxe6 Qc4 25.Ng5 Rd8 26.Qh3+ Qg4 27.
Qxg4+ hxg4 28.e6 Rd2 29.Re1 Kd8 30.e7+ Ke8 31.Ne6 Kxe7 32.Nd4+ Kd6 33.Nxc6
Kxc6 34.Re4 b5 35.Rxg4 Rd6 36.f4 a5 37.f5 b4 38.axb4 a4 39.Kh2 Kb5 40.h5 
gxf5 41.Rxg7 a3 42.Rf7 Kc4 43.Rxf5 Rd5 44.Rf4+ Kb3 45.Rf3+ Kxb4 46.g4 Ra5 
47.h6 Ra8 48.g5 Rh8 49.Kg3 a2 50.Rf1 Kc4 51.Ra1 Ra8 52.h7 1-0

[Event "4th EUR-ch"]
[Site "Istanbul TUR"]
[Date "2003.06.02"]
[Round "4.21"]
[White "Gurevich, Mikhail"]
[Black "Mchedlishvili, Mikheil"]
[Result "1-0"]
[WhiteElo "2635"]
[BlackElo "2560"]
[EventDate "2003.05.30"]
[PlyCount "96"]

1.d4 Nf6 2.c4 e6 3.Nc3 Bb4 4.Qc2 O-O 5.a3 Bxc3+ 6.Qxc3 b6 7.Bg5 Bb7 8.e3 
d6 9.Ne2 Nbd7 10.Qd3 c5 11.Nc3 Qe7 12.Rd1 Rfd8 13.d5 Ne5 14.Qc2 h6 15.Bh4 
Ng6 16.Bg3 Nh5 17.Be2 Nxg3 18.hxg3 exd5 19.Nxd5 Bxd5 20.Rxd5 Qe6 21.O-O 
Ne7 22.Rd2 Rd7 23.Rfd1 Rad8 24.Qb3 g6 25.Bf3 h5 26.Rd3 Qf6 27.R1d2 Kg7 28.
Qd1 Qe6 29.b3 a5 30.g4 hxg4 31.Bxg4 f5 32.Bf3 Qe5 33.g3 Kh7 34.Bg2 Kg7 35.
a4 Kh7 36.Qf3 Kg7 37.Rd1 Rf8 38.Qe2 Rfd8 39.Qd2 Kh7 40.Bf3 Kg7 41.Kg2 Qf6 
42.e4 Nc6 43.exf5 Ne5 44.Re3 gxf5 45.Bd5 Rh8 46.Kg1 Re7 47.Bg2 Rd8 48.Qd5 
Rdd7 
    {....rest illegible /68/}
1-0

[Event "4th EUR-ch"]
[Site "Istanbul TUR"]
[Date "2003.06.02"]
[Round "4.22"]
[White "Volkov, Sergei"]
[Black "Nataf, Igor-Alexandre"]
[Result "1/2-1/2"]
[WhiteElo "2634"]
[BlackElo "2559"]
[EventDate "2003.05.30"]
[PlyCount "55"]

1.d4 Nf6 2.c4 g6 3.Nc3 Bg7 4.e4 d6 5.Be2 O-O 6.Nf3 e5 7.Be3 Na6 8.O-O Ng4 
9.Bg5 Qe8 10.dxe5 dxe5 11.Nd2 f6 12.Bxg4 fxg5 13.a3 Nc5 14.b4 Bxg4 15.Qxg4
Ne6 16.c5 h5 17.Qe2 Rd8 18.Nc4 g4 19.Rad1 Nd4 20.Qa2 Kh7 21.Ne3 Qe6 22.
Ncd5 Qf7 23.Qc4 Bh6 24.Nc3 Qe7 25.Ne2 Bxe3 26.fxe3 Nxe2+ 27.Qxe2 Rxf1+ 28.
Qxf1 1/2-1/2

[Event "4th EUR-ch"]
[Site "Istanbul TUR"]
[Date "2003.06.02"]
[Round "4.23"]
[White "Savchenko, Stanislav"]
[Black "Filippov, Valery"]
[Result "1/2-1/2"]
[WhiteElo "2559"]
[BlackElo "2627"]
[EventDate "2003.05.30"]
[PlyCount "58"]

1.d4 Nf6 2.c4 e6 3.Nc3 Bb4 4.Qc2 d5 5.cxd5 Qxd5 6.e3 e5 7.a3 exd4 8.axb4 
dxc3 9.bxc3 Bf5 10.Qa2 Qxa2 11.Rxa2 Ne4 12.Bb2 O-O 13.Nf3 c5 14.bxc5 Nxc5 
15.Nd4 Bg6 16.Ba3 Nbd7 17.Bxc5 Nxc5 18.f3 Rfd8 19.e4 a6 20.Bc4 Kf8 21.g4 
Rac8 22.Bd5 f6 23.c4 Bf7 24.O-O b5 25.cxb5 Bxd5 26.exd5 Rxd5 27.bxa6 Rxd4 
28.Rc1 Rd5 29.Ra5 Kf7 1/2-1/2

[Event "4th EUR-ch"]
[Site "Istanbul TUR"]
[Date "2003.06.02"]
[Round "4.24"]
[White "Nielsen, Peter Heine"]
[Black "Goloshchapov, Alexander"]
[Result "1/2-1/2"]
[WhiteElo "2625"]
[BlackElo "2558"]
[EventDate "2003.05.30"]
[PlyCount "35"]

1.c4 e6 2.Nf3 d5 3.d4 Nf6 4.g3 dxc4 5.Bg2 c6 6.O-O b5 7.Ne5 Bb7 8.a4 a6 9.
Nc3 Nd5 10.e4 Nxc3 11.bxc3 Nd7 12.Bf4 Be7 13.Qg4 g6 14.Bh6 Nxe5 15.dxe5 
Qc7 16.Qf4 g5 17.Bxg5 O-O-O 18.Bxe7 1/2-1/2

[Event "4th EUR-ch"]
[Site "Istanbul TUR"]
[Date "2003.06.02"]
[Round "4.25"]
[White "Pelletier, Yannick"]
[Black "Romanyshyn, Oleh"]
[Result "1/2-1/2"]
[WhiteElo "2623"]
[BlackElo "2558"]
[EventDate "2003.05.30"]
[PlyCount "52"]

1.d4 Nf6 2.c4 e6 3.Nf3 Bb4+ 4.Bd2 c5 5.Bxb4 cxb4 6.g4 O-O 7.Rg1 d5 8.e3 
Nc6 9.Nbd2 a5 10.g5 Ne8 11.Bd3 a4 12.Ne5 Nxe5 13.dxe5 g6 14.Qg4 Ng7 15.c5 
Qa5 16.Qd4 Bd7 17.Rg4 Rfc8 18.Qxb4 Qc7 19.Nf3 Qxc5 20.Qxc5 Rxc5 21.Rb4 b5 
22.Kd2 Ne8 23.h4 Nc7 24.h5 Rc4 25.Rxc4 bxc4 26.Bc2 Rb8 1/2-1/2

[Event "4th EUR-ch"]
[Site "Istanbul TUR"]
[Date "2003.06.02"]
[Round "4.26"]
[White "Spasov, Vasil"]
[Black "Smirnov, Pavel"]
[Result "1-0"]
[WhiteElo "2555"]
[BlackElo "2615"]
[EventDate "2003.05.30"]
[PlyCount "107"]

1.e4 c5 2.Nf3 Nc6 3.Bb5 g6 4.Bxc6 dxc6 5.d3 Bg7 6.h3 Nf6 7.Nc3 Nd7 8.Be3 
e5 9.Qd2 h6 10.O-O Qe7 11.a3 Nf8 12.b4 Ne6 13.bxc5 Nxc5 14.Rfe1 Ne6 15.Ne2
h5 16.a4 O-O 17.Bh6 Bxh6 18.Qxh6 Qf6 19.a5 Bd7 20.Reb1 Rab8 21.Qd2 Rfe8 
22.Qc3 Ng5 23.Nxg5 Qxg5 24.Kf1 Qe7 25.Qd2 Red8 26.Qe3 c5 27.c4 Bc6 28.Nc3 
Rd4 29.Nd5 Bxd5 30.cxd5 Qd6 31.Rb5 Kg7 32.Kg1 b6 33.axb6 axb6 34.Ra7 Rb4 
35.Rxb4 cxb4 36.Qc1 Qc5 37.Qb2 Re8 38.Ra1 Qb5 39.d4 exd4 40.Qxd4+ Kg8 41.
Rb1 b3 42.d6 Kh7 43.f3 Rd8 44.e5 Rc8 45.Kh2 Qe2 46.Qf4 Kg8 47.Rxb3 Rc2 48.
Qg5 Qd1 49.Rb1 Qxb1 50.d7 Rc1 51.d8=Q+ Kh7 52.Qdd2 Rh1+ 53.Kg3 h4+ 54.
Qxh4+ 1-0

[Event "4th EUR-ch"]
[Site "Istanbul TUR"]
[Date "2003.06.02"]
[Round "4.27"]
[White "Kempinski, Robert"]
[Black "Ftacnik, Lubomir"]
[Result "1/2-1/2"]
[WhiteElo "2553"]
[BlackElo "2611"]
[EventDate "2003.05.30"]
[PlyCount "33"]

1.d4 Nf6 2.c4 g6 3.g3 Bg7 4.Bg2 d5 5.cxd5 Nxd5 6.Nf3 O-O 7.O-O Nb6 8.Nc3 
Nc6 9.e3 Re8 10.d5 Na5 11.Nd4 Bd7 12.Nb3 Nxb3 13.Qxb3 e6 14.e4 c5 15.dxc6 
Bxc6 16.Rd1 Nd7 17.a4 1/2-1/2

[Event "4th EUR-ch"]
[Site "Istanbul TUR"]
[Date "2003.06.02"]
[Round "4.29"]
[White "Baklan, Volodymyr"]
[Black "David, Alberto"]
[Result "1/2-1/2"]
[WhiteElo "2607"]
[BlackElo "2548"]
[EventDate "2003.05.30"]
[PlyCount "37"]

1.e4 e5 2.Nf3 Nf6 3.Nxe5 d6 4.Nf3 Nxe4 5.d4 d5 6.Bd3 Nc6 7.O-O Be7 8.c4 
Nb4 9.Be2 Be6 10.Qa4+ Qd7 11.Qxd7+ Kxd7 12.Nc3 Rhd8 13.a3 Nxc3 14.Ne5+ Ke8
15.bxc3 Nc6 16.Nxc6 bxc6 17.Bf4 Bd6 18.Bxd6 cxd6 19.cxd5 1/2-1/2

[Event "4th EUR-ch"]
[Site "Istanbul TUR"]
[Date "2003.06.02"]
[Round "4.31"]
[White "Aronian, Levon"]
[Black "Guliev, Sarhan"]
[Result "1/2-1/2"]
[WhiteElo "2606"]
[BlackElo "2524"]
[EventDate "2003.05.30"]
[PlyCount "26"]

1.e4 e5 2.Nf3 Nc6 3.d4 exd4 4.Nxd4 Nf6 5.Nxc6 bxc6 6.e5 Qe7 7.Qe2 Nd5 8.h4
d6 9.c4 Nb6 10.exd6 Qxe2+ 11.Bxe2 Bxd6 12.Nd2 O-O 13.Nf3 Re8 1/2-1/2

[Event "4th EUR-ch"]
[Site "Istanbul TUR"]
[Date "2003.06.02"]
[Round "4.32"]
[White "Fontaine, Robert"]
[Black "Dolmatov, Sergei"]
[Result "1/2-1/2"]
[WhiteElo "2527"]
[BlackElo "2606"]
[EventDate "2003.05.30"]
[PlyCount "30"]

1.e4 e6 2.d4 d5 3.Nc3 Nf6 4.Bg5 dxe4 5.Nxe4 Nbd7 6.Nf3 h6 7.Nxf6+ Nxf6 8.
Bh4 Be7 9.Bc4 c5 10.O-O cxd4 11.Qe2 O-O 12.Rad1 Qb6 13.Nxd4 Qxb2 14.Nf5 
exf5 15.Qxe7 Be6 1/2-1/2

[Event "4th EUR-ch"]
[Site "Istanbul TUR"]
[Date "2003.06.02"]
[Round "4.33"]
[White "Naer, Evgeny"]
[Black "Vesterbaek Pedersen, Nicolai"]
[Result "1-0"]
[WhiteElo "2606"]
[BlackElo "2508"]
[EventDate "2003.05.30"]
[PlyCount "61"]

1.Nf3 Nf6 2.c4 e6 3.Nc3 Bb4 4.g4 h6 5.Rg1 b6 6.Qc2 Bb7 7.a3 Be7 8.g5 hxg5 
9.Nxg5 Nh5 10.d4 c5 11.d5 Na6 12.Bd2 Qb8 13.h4 Qe5 14.O-O-O Nc7 15.f4 Nxf4
16.Nf3 Qf6 17.Ne4 Qh6 18.Rg4 exd5 19.Bxf4 Qe6 20.Nf2 O-O-O 21.Rxg7 Bxh4 
22.Nxh4 Rxh4 23.e3 Qf6 24.Rg1 Ne6 25.Bg3 Rh5 26.cxd5 Rxd5 27.Rxd5 Bxd5 28.
Ba6+ Bb7 29.Ne4 Qf3 30.Nd6+ Kb8 31.Nxb7+ 1-0

[Event "4th EUR-ch"]
[Site "Istanbul TUR"]
[Date "2003.06.02"]
[Round "4.35"]
[White "Kurnosov, Igor"]
[Black "Asrian, Karen"]
[Result "1/2-1/2"]
[WhiteElo "2500"]
[BlackElo "2596"]
[EventDate "2003.05.30"]
[PlyCount "31"]

1.e4 e6 2.d4 d5 3.Nc3 Bb4 4.Bd2 Ne7 5.Bd3 Nd7 6.Nf3 Bxc3 7.Bxc3 dxe4 8.
Bxe4 Nf6 9.Bd3 O-O 10.Qe2 b6 11.O-O-O Bb7 12.Bd2 Qd6 13.Kb1 Ng6 14.Ba6 
Bxa6 15.Qxa6 Ne4 16.Qe2 1/2-1/2

[Event "4th EUR-ch"]
[Site "Istanbul TUR"]
[Date "2003.06.02"]
[Round "4.37"]
[White "Avrukh, Boris"]
[Black "Tzermiadianos, Andreas"]
[Result "1-0"]
[WhiteElo "2586"]
[BlackElo "2428"]
[EventDate "2003.05.30"]
[PlyCount "53"]

1.d4 d5 2.c4 e6 3.Nf3 c5 4.cxd5 exd5 5.g3 Nc6 6.Bg2 Nf6 7.O-O Be7 8.Nc3 
O-O 9.Bg5 c4 10.Ne5 Be6 11.Bxf6 Bxf6 12.f4 Qb6 13.e3 Bxe5 14.fxe5 Qxb2 15.
Nxd5 Rad8 16.Nc7 Nb4 17.Rb1 Qa3 18.Qc1 Qxc1 19.Rfxc1 a5 20.a3 Nd3 21.Nxe6 
Nxc1 22.Nxd8 Ne2+ 23.Kf2 Nc3 24.Rc1 Na4 25.Nxb7 c3 26.Nc5 Nb2 27.Ke2 1-0

[Event "4th EUR-ch"]
[Site "Istanbul TUR"]
[Date "2003.06.02"]
[Round "4.38"]
[White "Palo, Davor"]
[Black "Rozentalis, Eduardas"]
[Result "0-1"]
[WhiteElo "2472"]
[BlackElo "2586"]
[EventDate "2003.05.30"]
[PlyCount "88"]

1.d4 Nf6 2.c4 e6 3.Nf3 Bb4+ 4.Nbd2 O-O 5.a3 Bxd2+ 6.Qxd2 d6 7.b3 b6 8.e3 
Bb7 9.Be2 Nbd7 10.Bb2 Qe7 11.O-O Ne4 12.Qc2 f5 13.Ne1 Qg5 14.Qc1 Rf6 15.f3
Qh5 16.fxe4 Qxe2 17.d5 e5 18.exf5 Nc5 19.Rf2 Qg4 20.Qc2 Raf8 21.h3 Qe4 22.
b4 Qxc2 23.Rxc2 Ne4 24.g4 g6 25.Rg2 gxf5 26.gxf5+ Kf7 27.Rg4 Rg8 28.Ng2 
Rxg4 29.hxg4 h5 30.Rc1 hxg4 31.c5 Bxd5 32.cxd6 cxd6 33.Rc7+ Ke8 34.Nf4 
exf4 35.Bxf6 Nxf6 36.exf4 g3 37.Rxa7 Nh5 38.a4 Nxf4 39.Rg7 g2 40.Kh2 Ne2 
41.Rxg2 Bxg2 42.Kxg2 Nd4 43.a5 bxa5 44.bxa5 Nxf5 0-1

[Event "4th EUR-ch"]
[Site "Istanbul TUR"]
[Date "2003.06.02"]
[Round "4.39"]
[White "Delchev, Alexander"]
[Black "Kritz, Leonid"]
[Result "1-0"]
[WhiteElo "2577"]
[BlackElo "2468"]
[EventDate "2003.05.30"]
[PlyCount "113"]

1.e4 e5 2.Nf3 Nc6 3.Bc4 Bc5 4.c3 Nf6 5.d3 a6 6.Nbd2 d6 7.Bb3 Be6 8.O-O O-O
9.Re1 h6 10.Nf1 Re8 11.Bxe6 fxe6 12.Ng3 d5 13.b4 Ba7 14.Bb2 Qd6 15.a3 Rad8
16.c4 dxc4 17.dxc4 a5 18.Qb3 axb4 19.axb4 Bd4 20.c5 Qf8 21.h3 b6 22.cxb6 
cxb6 23.b5 Bxb2 24.Qxb2 Nd4 25.Nxe5 Qc5 26.Nc6 Nxc6 27.bxc6 Qxc6 28.Rec1 
Qb7 29.Qe5 Rc8 30.Rxc8 Qxc8 31.Ra7 Qd8 32.Qa1 Kh8 33.e5 Nd5 34.Qa4 Rf8 35.
Qg4 Nc7 36.Nh5 Qd7 37.Nf4 Re8 38.Ng6+ Kg8 39.h4 b5 40.h5 Qc6 41.Qd4 Nd5 
42.Qg4 Nc7 43.Qd1 Qb6 44.Ra1 Nd5 45.Qd3 b4 46.Rb1 Rb8 47.Rb3 Rc8 48.Qf3 
Qc7 49.Qg4 Re8 50.Rf3 Qd7 51.Qc4 Rc8 52.Qd4 Qd8 53.Qa7 Rc7 54.Qa6 b3 55.
Qxe6+ Kh7 56.Rf8 b2 57.Qg8# 1-0

[Event "4th EUR-ch"]
[Site "Istanbul TUR"]
[Date "2003.06.02"]
[Round "4.40"]
[White "Zviagintsev, Vadim"]
[Black "Atakisi, Umut"]
[Result "1-0"]
[WhiteElo "2664"]
[BlackElo "2303"]
[EventDate "2003.05.30"]
[PlyCount "99"]

1.Nf3 Nf6 2.c4 c5 3.d4 cxd4 4.Nxd4 Nc6 5.Nc3 g6 6.e4 Nxd4 7.Qxd4 d6 8.f3 
Bg7 9.Be3 O-O 10.Qd2 Be6 11.Rc1 Qa5 12.b3 Rfc8 13.Nb5 Qxd2+ 14.Kxd2 a6 15.
Nd4 Bd7 16.Bd3 b5 17.Rc2 e6 18.Rhc1 bxc4 19.Rxc4 Rxc4 20.Bxc4 d5 21.exd5 
Nxd5 22.Bxd5 exd5 23.Rc7 Bb5 24.Nxb5 axb5 25.Ba7 Be5 26.Rd7 Bxh2 27.a4 
bxa4 28.bxa4 Kf8 29.a5 Ke8 30.Rb7 h5 31.Kd3 Bg3 32.a6 Bh4 33.Rb8+ Rxb8 34.
Bxb8 Bf2 35.Be5 Ba7 36.Bd4 Bb8 37.f4 Kd7 38.f5 gxf5 39.a7 Bxa7 40.Bxa7 f4 
41.Ke2 Ke6 42.Bd4 Kf5 43.Kf3 h4 44.Bb6 Kg5 45.Bc7 d4 46.Bxf4+ Kf5 47.Bc1 
d3 48.Bd2 f6 49.Bf4 Ke6 50.Ke4 1-0

[Event "4th EUR-ch"]
[Site "Istanbul TUR"]
[Date "2003.06.02"]
[Round "4.45"]
[White "Dvoirys, Semen"]
[Black "Lputian, Smbat"]
[Result "0-1"]
[WhiteElo "2552"]
[BlackElo "2638"]
[EventDate "2003.05.30"]
[PlyCount "51"]

1.e4 e6 2.d4 d5 3.e5 c5 4.c3 Nc6 5.Nf3 Qb6 6.a3 Nh6 7.Bd3 cxd4 8.cxd4 Bd7 
9.O-O Nxd4 10.Nxd4 Qxd4 11.Nc3 a6 12.Qe2 Qg4 13.f3 Bc5+ 14.Kh1 Qh4 15.g3 
Qh3 16.Qe1 Bc6 17.Bf4 O-O 18.Rc1 f5 19.Bxh6 Qxh6 20.Nxd5 Bxa3 21.Nf6+ gxf6
22.bxa3 fxe5 23.Qxe5 Bxf3+ 24.Kg1 Bd5 25.Rb1 Rad8 26.Rf4 0-1

[Event "4th EUR-ch"]
[Site "Istanbul TUR"]
[Date "2003.06.02"]
[Round "4.47"]
[White "Brynell, Stellan"]
[Black "Lastin, Alexander"]
[Result "0-1"]
[WhiteElo "2534"]
[BlackElo "2632"]
[EventDate "2003.05.30"]
[PlyCount "108"]

1.e4 e5 2.Nf3 Nf6 3.d4 Nxe4 4.Bd3 Nc6 5.d5 Nc5 6.dxc6 e4 7.cxb7 Bxb7 8.Be2
exf3 9.Bxf3 Bxf3 10.Qxf3 Bd6 11.O-O O-O 12.Bf4 Bxf4 13.Qxf4 Ne6 14.Qd2 d5 
15.Nc3 c6 16.Rfe1 Qf6 17.Rad1 Rfe8 18.b3 h5 19.Ne2 h4 20.Qc3 Qxc3 21.Nxc3 
Nd4 22.f3 Nxc2 23.Re2 Rxe2 24.Nxe2 Re8 25.Kf2 g5 26.Rd2 Ne3 27.g3 hxg3+ 
28.hxg3 Kg7 29.Nd4 c5 30.Nb5 d4 31.Nxa7 Kf6 32.Nb5 g4 33.Nd6 Rh8 34.fxg4 
Ke6 35.Ne4 Nxg4+ 36.Kf3 Ne5+ 37.Kf4 Kd5 38.Nf6+ Ke6 39.Ne4 Ng6+ 40.Kg5 Kd5
41.Nf6+ Kc6 42.b4 Ne5 43.Kf4 Nc4 44.Rc2 Kb5 45.bxc5 d3 46.Rc1 Kxc5 47.Rd1 
Kd4 48.Ng4 Nb2 49.Rb1 d2 50.Nf2 Nd3+ 51.Nxd3 Kxd3 52.Kf5 Kc2 53.Rg1 d1=Q 
54.Rxd1 Kxd1 0-1